header

American idol after Iraq (Record no. 62812)

MARC details
000 -LEADER
fixed length control field 01398nam a2200337 a 4500
082 04 - DEWEY DECIMAL CLASSIFICATION NUMBER
Classification number 791.430973/090511
100 1# - MAIN ENTRY--AUTHOR NAME
Personal name Gardels, Nathan.
245 10 - TITLE STATEMENT
Title American idol after Iraq
260 ## - PUBLICATION, DISTRIBUTION, ETC. (IMPRINT)
Place of publication Malden, MA :
Name of publisher Wiley-Blackwell,
Year of publication 2009.
300 ## - PHYSICAL DESCRIPTION
Number of Pages x, 170 p., [4] p. of plates :
Other physical details ill.
650 #0 - SUBJECT ADDED ENTRY--TOPICAL TERM
Topical Term Motion pictures, American
Topical Term Motion pictures, American
700 1# - ADDED ENTRY--PERSONAL NAME
Personal name Medavoy, Mike.
856 40 - ELECTRONIC LOCATION AND ACCESS
Uniform Resource Identifier http://site.ebrary.com/lib/rucke/Doc?id=10313612

No items available.

© 2026 Rongo University
Contact us: librarian | system librarian | Rongo university